000
00283nam a22001337a 4500
008
170807b xxu||||| |||| 00| 0 eng d
020
_a
9780619200046
041
_a
eng
080
_a
004
100
_a
33
101
_a
SHKI
245
_a
MICROSOFT OFFICE
_c
SHELLY
942
_2
udc
_c
BK
999
_c
22812
_d
22812